2003 budget commentary & tax information

Bibliographic Details
Format: Book
Published: Kuala Lumpur : The Malaysian Institute of Certified Public Accountants , 2002
Subjects:

MARC

LEADER 00000cam a2200000 7i4500
001 0000002121
005 20021115.0
090 0 0 |a 352.48bTWO 2002 
245 0 0 |a 2003 budget commentary & tax information 
260 0 0 |a Kuala Lumpur :   |b The Malaysian Institute of Certified Public Accountants ,   |c 2002 
300 |a 291,p. ;   |c 21 cm. 
650 0 0 |a BudgezMalaysia 
650 0 0 |a Corporation   |x Taxation   |z Malaysia 
650 0 0 |a Taxation   |z Malaysia 
998 |a JPSM 
999 |a 0000003497   |b Monograph   |c Open Shelf   |e Default branch